| 000 | 00461nam a2200133Ia 4500 | ||
|---|---|---|---|
| 008 | 200925s9999 xx 000 0 und d | ||
| 020 | _a978-971-014-562-1 | ||
| 100 | _aPagay, Jenalyn B. | ||
| 245 |
_cJenalyn B. Pagay, Marilyn M. Gutierrez.-- _aFundamentals of art appreciation / |
||
| 260 |
_aBulacan : _bSt. Andrew Publishing House _c2018 |
||
| 300 |
_avii , 203 page : _billustrations ; _c25 cm. |
||
| 650 | _aArt -- Study and teaching. | ||
| 650 | _aHumanities | ||
| 999 |
_c364507 _d364507 |
||